[Event "CCCSA Spring GM Invitational 2019"]
[Site "Charlotte"]
[Date "2019.03.20"]
[Round "1"]
[White "Mishra, Abhimanyu"]
[Black "Stremavicius, Titas"]
[Result "1/2-1/2"]
[WhiteElo "2232"]
[BlackElo "2472"]
[Annotator "TA"]
[PlyCount "119"]
[EventDate "2019.03.20"]
[EventType "tourn"]
[EventCountry "USA"]
[SourceTitle "playchess.com"]
[Source "ChessBase"]
[SourceQuality "1"]

{[%evp 26,119,21,26,35,39,35,36,41,24,38,-7,0,-3,0,-29,-33,-27,-35,-30,-35,-39,-12,-18,-27,-13,0,0,0,0,0,0,0,0,0,0,0,0,0,-15,0,0,0,0,0,0,0,-8,0,0,0,-7,0,0,0,-16,-12,-16,0,-17,0,-17,0,-22,0,0,0,0,0,0,0,0,0,-25,0,0,0,0,0,0,0,0,0,0,0,0,0,0,0,0,0,0,0,0,0,0]} 1. e4 c5 2. Nf3 d6 3. d4 cxd4 4. Nxd4 Nf6 5. Nc3 Nc6 6. Bg5 Bd7 7. Qd2 Rc8 8. f4 h6 9. Bxf6 gxf6 10. O-O-O Nxd4 11. Qxd4 Qa5 12. f5 {B61: Sicilian: Richter-Rauzer: 6...Bd7 7 Qd2} h5 13. Kb1 Qc5 14. Qd3 {[#] LiveBook: 6 Games} Bc6 $146 ({Predecessor:} 14... Bh6 15. g3 h4 16. Nd5 Bg5 17. Be2 Kf8 18. c3 Ba4 19. Rdf1 a6 {½-½ (41) Alekseev,E (2673)-Dubov,D (2594) Moscow 2012}) 15. Qf3 Bh6 16. Bb5 Bxb5 17. Rd5 Qe3 {[#] aiming for ...Qxf3.} 18. Qxe3 (18. Rxb5 {keeps more tension.} Qxf3 19. gxf3 b6 20. Rb3 Rg8 21. Ra3) 18... Bxe3 19. Rxb5 b6 20. Rd5 Bf4 21. g3 Be5 22. Nd1 $1 Rc4 23. Nf2 $1 Rd4 (23... Rg8 {is interesting.} 24. c3 Kd7 25. Kc2 a6 26. a3 h4) 24. Rxd4 Bxd4 $11 {[%mdl 4096] Endgame KRB-KRN} 25. Nd3 Be5 26. Kc1 Rg8 27. Kd2 e6 28. Nxe5 fxe5 29. fxe6 fxe6 {KR-KR} 30. Rf1 Ke7 31. Ke3 b5 32. c3 a6 33. Rf2 Rg5 34. Rd2 Rg4 35. Kf3 Rg8 36. Rd1 Rb8 37. Ke3 Rg8 38. Kf3 Rc8 39. Ke3 Rf8 40. b3 Rc8 41. Rd3 Rc5 42. Ke2 Rc8 43. Ke3 Rc6 44. Ke2 Kf6 45. Kd2 Kg5 46. h3 h4 47. gxh4+ Kxh4 48. Ke2 a5 {[%cal Ba6a5,Ba5a4][%mdl 32]} 49. Kd2 a4 50. Rf3 {The position is equal.} Kg5 51. Ke2 d5 52. Rg3+ Kh4 53. Rd3 dxe4 54. Re3 axb3 (54... Kg5 {seems wilder.} 55. Rxe4 Rxc3 56. Rxe5+ Kf6 57. Rxb5 a3) 55. Rxe4+ Kxh3 56. axb3 Rxc3 57. Rxe5 Rxb3 58. Rxe6 Kg3 59. Re3+ Rxe3+ 60. Kxe3 {Precision: White = 82%, Black = 48%.} 1/2-1/2

[Event "CCCSA Spring GM Invitational 2019"]
[Site "Charlotte"]
[Date "2019.03.20"]
[Round "1"]
[White "Adamson, Robby"]
[Black "Ezra Paul Chambers"]
[Result "1/2-1/2"]
[WhiteElo "2216"]
[BlackElo "2334"]
[Annotator "TA"]
[PlyCount "40"]
[EventDate "2019.03.20"]
[EventType "tourn"]
[EventCountry "USA"]
[SourceTitle "playchess.com"]
[Source "ChessBase"]
[SourceQuality "1"]

{[%evp 14,40,25,-9,-8,-26,-15,-15,-17,-36,-22,-64,-42,-58,-47,-69,-58,-125,-98,-165,-154,-168,-164,-163,-158,-158,-144,-160,-147]} 1. e4 c5 2. Nf3 d6 3. d4 cxd4 4. Nxd4 Nf6 5. Nc3 a6 6. h3 e6 7. g4 h6 8. Be3 b5 {B81: Sicilian Scheveningen: Keres Attack} (8... g5 9. Bg2 Nbd7 10. h4 Rg8 11. hxg5 hxg5 12. Qe2 Ne5 13. f3 b5 14. O-O-O Bb7 15. a3 Rc8 16. Qe1 {0-1 (34) Grigoriants,S (2570)-Inarkiev,E (2680) Wroclaw 2014}) 9. a3 Bb7 10. Bg2 Nbd7 {The position is equal.} 11. Nde2 Ne5 12. b3 g5 13. Qd2 Rc8 14. Bd4 $146 ({Predecessor:} 14. f4 gxf4 15. Nxf4 Qa5 16. Bd4 {1-0 (39) Fedorchuk,S (2415)-Ibrahimov,R (2365) Oropesa del Mar 1998}) 14... Be7 15. f4 ({White should try} 15. O-O-O $15) 15... gxf4 16. Qxf4 (16. Nxf4 $17 Nfd7 17. O-O) 16... Nfd7 $19 {Black is clearly better.} 17. O-O h5 18. gxh5 Rxh5 19. Rad1 Rh7 20. Qg3 Ng6 {Accuracy: White = 18%, Black = 79%.} 1/2-1/2

[Event "CCCSA Spring GM Invitational 2019"]
[Site "Charlotte"]
[Date "2019.03.21"]
[Round "2"]
[White "Ringoir, Tanguy"]
[Black "Patel, Advait"]
[Result "1/2-1/2"]
[WhiteElo "2510"]
[BlackElo "2470"]
[Annotator "TA"]
[PlyCount "51"]
[EventDate "2019.03.20"]
[EventType "tourn"]
[EventCountry "USA"]
[SourceTitle "playchess.com"]
[Source "ChessBase"]
[SourceQuality "1"]

{[%evp 14,15,8,0]} 1. d4 Nf6 2. c4 g6 3. Nc3 Bg7 4. e4 d6 5. Nf3 O-O 6. Be2 e5 7. dxe5 dxe5 8. Qxd8 {Predecessor:} Rxd8 $146 9. Bg5 Na6 10. Nd5 Rd6 11. Nxf6+ Bxf6 12. Bxf6 Rxf6 13. Nxe5 Re6 14. f4 Nc5 15. O-O-O Re8 16. Bf3 f6 17. Nd3 Nxe4 18. Rhe1 Nd6 19. c5 Rxe1 20. Rxe1 Nf5 21. Re8+ Kf7 22. Rh8 Kg7 23. Rd8 c6 24. Bg4 Ne7 25. Be6 b5 26. Re8 {1-0 (26) So,W (2765)-Nyzhnyk,I (2624) chess.com INT 2019} 1/2-1/2

[Event "CCCSA Spring GM Invitational 2019"]
[Site "Charlotte"]
[Date "2019.03.21"]
[Round "2"]
[White "Stremavicius, Titas"]
[Black "Ezra Paul Chambers"]
[Result "1-0"]
[WhiteElo "2472"]
[BlackElo "2334"]
[Annotator "TA"]
[PlyCount "117"]
[EventDate "2019.03.20"]
[EventType "tourn"]
[EventCountry "USA"]
[SourceTitle "playchess.com"]
[Source "ChessBase"]
[SourceQuality "1"]

{[%evp 12,117,14,15,50,4,58,50,79,73,61,45,88,48,75,58,100,0,75,75,76,41,52,50,35,37,64,32,35,20,27,45,127,81,83,83,80,30,171,106,112,122,140,129,225,152,243,241,284,279,275,262,245,203,194,96,275,258,403,403,6099,6099,6090,6083,5771,6070,5389,5389,5381,5377,3884,2437,6083,1837,1032,627,543,458,458,456,407,392,374,372,450,352,352,306,310,314,509,225,509,449,631,557,501,445,420,398,374,362,4618,4134,11542,6834,4627,4627]} 1. d4 f5 2. Nf3 Nf6 3. Bf4 g6 4. e3 Bg7 5. c4 O-O 6. Be2 d6 7. Nc3 Qe8 {A85: Dutch Defence: 2 c4 Nf6 3 Nc3} 8. h3 (8. Bg3 Nh5 9. Bh4 c6 10. d5 Na6 11. Nd4 Nf6 12. O-O Nc7 13. Bg3 cxd5 14. cxd5 Kh8 15. Qb3 {0-1 (45) Le,Q (2739)-Nepomniachtchi,I (2751) Saint Louis 2017}) 8... c6 (8... Nc6 $11) 9. Bh2 h6 $146 {White is slightly better.} ({Predecessor:} 9... Nbd7 10. O-O e5 11. b4 h6 12. b5 c5 13. dxc5 dxc5 14. Nd5 Nxd5 15. Qxd5+ Qf7 {½-½ (46) Miton,K (2588)-Yakubboev,N (2556) St Petersburg 2018}) 10. Rc1 Nbd7 11. Qb3 Kh8 12. Qa3 g5 13. Bd3 Nh5 14. Be2 ({White should try} 14. O-O $16) 14... Ndf6 (14... Nhf6 $1 $11) 15. c5 f4 16. exf4 (16. cxd6 {feels hotter.} exd6 17. O-O fxe3 18. Bxd6 Nf4 19. Rce1) 16... Nxf4 17. Bxf4 gxf4 18. cxd6 exd6 19. Qxd6 Ne4 20. Nxe4 $1 Qxe4 21. Ne5 {Threatens to win with Ng6+.} Re8 (21... Rf6 $1 $14 22. Qe7 Be6) 22. f3 Qf5 23. O-O $36 {[%mdl 2048] White is really pushing.} Be6 24. Bd3 Qf6 (24... Bxe5 $1 $11 25. Qxe5+ (25. dxe5 Qg5 $11) 25... Qxe5 26. dxe5 Bxa2) 25. Bc4 (25. Qb4 $18) 25... Rad8 26. Qc5 a6 27. Rfe1 Bd5 (27... Bf8 $16 28. Qb6 Bxc4) 28. Kh1 Bxc4 (28... Bf8 $16 29. Qa5 Bxc4 30. Rxc4 Qg7) 29. Qxc4 $18 ({But not} 29. Rxc4 $6 Qf5 $16) 29... Kh7 30. Qc2+ Kg8 31. Qb3+ {[%mdl 64] Double Attack} Kh7 32. Qxb7 Rxd4 {[#]} 33. Nxc6 ({Don't do} 33. Rxc6 $6 Qg5 $14) (33. Ng4 $1 $18 {[%cal Rg4f6]} Rxe1+ 34. Rxe1) 33... Rxe1+ $2 (33... Rc4 $16) 34. Rxe1 Rd2 (34... Rd6 $142) 35. Ne7 Rxb2 (35... Bf8 $142 36. Qe4+ Kg7 37. Nf5+ Kh8 38. Qxf4 Qg5 39. Qe5+ Bg7 40. Qb8+ Rd8 41. Re8+ Rxe8 42. Qxe8+ Kh7) 36. Qe4+ Kh8 37. Qa8+ Bf8 {[#]} 38. Ng6+ $1 {[%mdl 576] Double Attack} Kg7 (38... Qxg6 39. Qxf8+) 39. Nxf8 Qxf8 {[%mdl 4096] Endgame KQR-KQR} 40. Qa7+ Kg8 41. Qxa6 Qf7 42. Qc8+ (42. Qxh6 $142 Rb7 43. Re5 Rb1+ 44. Kh2) 42... Kh7 43. Qd8 Rb7 44. Qd3+ Qg6 45. Qxg6+ Kxg6 {KR-KR} 46. a4 Ra7 47. Re4 Kf5 48. Rb4 Kg5 49. h4+ {[%mdl 64] Decoy} Kxh4 50. Rxf4+ Kg3 $2 (50... Kg5 {was called for.} 51. Rb4 Kg6) 51. Rg4+ Kf2 52. Rh4 Ra6 (52... h5 $142 53. Rc4 (53. Rxh5 Rxa4 54. Kh2 Ra6 $16) 53... Kg3) 53. Kh2 Rg6 54. Rg4 Ra6 55. Rb4 Ra5 {( -> ...Rh5+)} 56. Rb2+ Kf1 $2 (56... Ke3 57. Rb3+ Kd4 58. Rb4+ Kc5 59. Rb5+ Rxb5 60. axb5 Kb6) 57. Ra2 {White is clearly winning.} h5 58. Kg3 Ke1 59. Kh4 {Accuracy: White = 66%, Black = 31%.} 1-0

[Event "CCCSA Spring GM Invitational 2019"]
[Site "Charlotte"]
[Date "2019.03.21"]
[Round "2"]
[White "Berczes, David"]
[Black "Korley, Kassa"]
[Result "1-0"]
[WhiteElo "2461"]
[BlackElo "2437"]
[Annotator "TA"]
[PlyCount "81"]
[EventDate "2019.03.20"]
[EventType "tourn"]
[EventCountry "USA"]
[SourceTitle "playchess.com"]
[Source "ChessBase"]
[SourceQuality "1"]

{[%evp 16,81,27,36,33,33,38,42,54,60,64,42,83,59,56,60,56,51,80,70,79,58,80,52,81,86,116,116,117,75,75,78,90,85,92,87,93,87,95,100,164,158,191,202,211,209,215,213,206,77,209,212,214,214,214,214,273,96,105,72,74,75,379,379,379,374,350,312]} 1. Nf3 d5 2. c4 e6 3. g3 Nf6 4. Bg2 Be7 5. d4 O-O 6. Qc2 c6 7. O-O Nbd7 {[%cal Bb8d7,Bd7f6,Bf6e4][%mdl 32]} 8. Rd1 Ne4 9. Nbd2 f5 {E08: Closed Catalan: Main Line: 7 Qc2} 10. Ne1 (10. b3 Bd6 11. Nxe4 fxe4 12. Ng5 Nf6 13. f3 e5 14. fxe4 h6 15. exd5 hxg5 16. c5 Bb8 17. dxc6 {½-½ (36) Hausrath,D (2491)-Siebrecht,S (2453) Netherlands 2008}) 10... Ndf6 11. Nd3 Nxd2 {White is slightly better.} 12. Bxd2 Ne4 $146 ({Predecessor:} 12... Qe8 13. b4 Bd7 14. Rab1 Ne4 15. f3 Nd6 16. Nb2 Qh5 {1-0 (33) Kliun,B-Butenko,O (2079) Kiev 2003}) 13. Be1 Bd7 14. Qb3 Qb6 15. e3 Qxb3 16. axb3 Rfc8 17. f3 Nd6 18. Bb4 Bf8 19. Nc5 Nf7 20. Bc3 Bxc5 21. dxc5 Be8 22. e4 dxe4 23. fxe4 a6 24. exf5 exf5 25. Re1 Rc7 26. Re3 Ng5 27. Rae1 Bf7 (27... Bh5 $16) 28. Re5 $18 Ne4 29. Ba5 ({Much less strong is} 29. Rxf5 $6 Nxc3 30. bxc3 Re8 $16) 29... Rd7 30. Rxf5 Nd2 31. Re3 Re8 32. Rxe8+ Bxe8 33. Re5 Bg6 34. Re3 Bf5 35. Kf2 $1 Rd4 {[#]} 36. Ke1 $2 (36. Ke2 $1 $18 {is the precise move to win.}) 36... Ne4 $16 37. Bc3 Nxc3 38. bxc3 Rd3 $2 {[%mdl 8192]} (38... Rd7 $16 {is a better chance.}) 39. Rxd3 $18 Bxd3 {[#]} 40. Bh3 $1 a5 41. Kd2 {Accuracy: White = 60%, Black = 55%.} 1-0

[Event "CCCSA Spring GM Invitational 2019"]
[Site "Charlotte"]
[Date "2019.03.21"]
[Round "2"]
[White "Ostrovskiy, Aleksandr"]
[Black "Gauri, Shankar"]
[Result "1/2-1/2"]
[WhiteElo "2453"]
[BlackElo "2378"]
[Annotator "TA"]
[PlyCount "104"]
[EventDate "2019.03.20"]
[EventType "tourn"]
[EventCountry "USA"]
[SourceTitle "playchess.com"]
[Source "ChessBase"]
[SourceQuality "1"]

{[%evp 9,104,21,25,14,23,28,23,16,32,30,25,5,0,0,0,0,12,11,23,10,36,17,70,27,155,151,147,158,161,84,81,79,159,113,127,131,172,66,96,81,99,56,68,0,70,59,45,72,67,0,95,97,85,96,103,110,137,136,132,129,179,103,218,80,76,18,24,20,30,25,12,26,17,21,21,0,0,0,102,143,125,44,52,0,0,0,29962,0,0,0,0,0,0,0,0,0,0]} 1. e4 c5 2. Nf3 d6 3. Bb5+ Nd7 4. O-O a6 5. Bd3 Ngf6 6. Re1 {B51: Sicilian: Moscow Variation (3 Bb5+) without 3...Bd7} g6 7. c3 Bg7 8. Bc2 {White has an edge.} O-O 9. d4 e5 10. a4 cxd4 11. cxd4 exd4 12. Nxd4 Ng4 $146 ({Predecessor:} 12... Nc5) 13. Qxg4 {Qd1 is the strong threat.} Bxd4 14. Nc3 Ne5 15. Qg3 Ng4 (15... Be6 $11) 16. Rf1 Be5 (16... Be6 $11) 17. f4 $1 $16 {[%cal Rf4e5]} Bd4+ 18. Kh1 Nf6 19. Be3 (19. f5 $18) 19... Bxe3 20. Qxe3 Re8 (20... Bd7 $142) 21. Rad1 Bg4 22. Rd2 Qe7 23. h3 (23. f5 $18) 23... Bf5 {[%cal Rf6e4]} 24. Re1 Rac8 25. Rde2 Be6 26. Rd2 ({Better is} 26. Qd2 $14) 26... Bc4 (26... Bf5 $11) 27. Rd4 b5 28. axb5 axb5 29. Qd2 (29. Kh2 $14) 29... d5 (29... Nh5 $1 $11) 30. e5 b4 31. Na4 b3 32. Bb1 Qa7 33. Nc3 Nh5 {[%cal Bf6h5,Bh5g7,Bg7e6][%mdl 32]} 34. Kh2 Rcd8 {[#] intending ...Ng7.} 35. Rd1 (35. Nxd5 Rxd5 36. Rxd5 Bxd5 $17) (35. Be4 $1 $18 {[%mdl 512]}) 35... Qc7 (35... Ng7 $16 {was called for.}) 36. g4 (36. Bd3 $18 Bxd3 37. Qxd3) 36... Ng7 {Black wants to play ...Ne6.} 37. Nxd5 (37. Qe3 $16) 37... Bxd5 $11 38. Rxd5 Rxd5 39. Qxd5 Ne6 40. Qe4 Rd8 41. Rxd8+ Qxd8 42. Qe3 $36 {[%mdl 2048] White fights for an advantage.} Qd1 $1 {[%cal Rd1b1]} 43. Be4 {Threatens to win with f5.} Nd4 (43... Qa1 $1 $11 {remains equal.}) 44. f5 Nc2 45. Qd3 ({Much weaker is} 45. Qxb3 $6 Qe2+ 46. Kg3 (46. Bg2 Qxe5+ 47. Kh1 Qe1+ 48. Kh2 Qe5+ 49. Kh1 Qe1+ 50. Kh2 Qe5+ $11) 46... Qe1+ 47. Kf4 Qf2+ 48. Bf3 (48. Kg5 $2 {gets mated.} h6+ 49. Kf6 Qh4+ 50. g5 Qxg5#) (48. Qf3 Qh2+ 49. Kg5 Qd2+ 50. Kh4 Qe1+ 51. Qg3 g5+ {[%mdl 64] Deflection} 52. Kxg5 Qxg3 $19) 48... Qd4+ 49. Kg3 Qg1+ 50. Bg2 Qe1+ 51. Kh2 Qxe5+ 52. Kh1 Qe1+ 53. Kh2 Qe5+ 54. Kh1 Qe1+ 55. Kh2 Qe5+ $11) ({White should play} 45. Qf2 $16) 45... Qe1 46. f6 ({White should try} 46. Qd8+ $14 Kg7 47. Qf6+ Kg8 48. fxg6 hxg6 49. Bg2) 46... Qf2+ 47. Kh1 {[%cal Rd3d8]} h5 $2 {[%mdl 8192] [#]} (47... Nd4 $11) 48. gxh5 $2 (48. Qd8+ $1 {mates} Kh7 {[#]} 49. Bxg6+ $1 {[%mdl 512]} Kh6 50. Qh8+ Kg5 51. Qxh5+ Kf4 52. Qf5+ Kg3 53. Qxf2+ Kxf2 54. e6 fxe6 55. f7) 48... Ne3 $1 {The position is equal.} 49. hxg6 {[%cal Rd3d8]} Qe1+ 50. Kh2 {[%cal Rd3d8]} Qf2+ {[%mdl 64] Double Attack} 51. Kh1 {[%cal Rd3d8]} Qe1+ 52. Kh2 {[%cal Rd3d8]} Qf2+ {[%mdl 64] Double Attack. Accuracy: White = 47%, Black = 41%.} 1/2-1/2

[Event "CCCSA Spring GM Invitational 2019"]
[Site "Charlotte"]
[Date "2019.03.21"]
[Round "2"]
[White "Arribas Lopez, Angel"]
[Black "Jacobson, Brandon"]
[Result "1/2-1/2"]
[WhiteElo "2443"]
[BlackElo "2455"]
[Annotator "TA"]
[PlyCount "172"]
[EventDate "2019.03.20"]
[EventType "tourn"]
[EventCountry "USA"]
[SourceTitle "playchess.com"]
[Source "ChessBase"]
[SourceQuality "1"]

{[%evp 10,172,1,8,22,0,0,-3,1,-7,0,-38,0,-44,-65,-66,-40,-71,-70,-108,-108,-102,-99,-166,-125,-152,-160,-162,-101,-91,-92,-100,-83,-86,-89,-114,-49,-144,-152,-131,-95,-238,-233,-273,-277,-285,-283,-261,-278,-268,-154,-152,-153,-212,-172,-181,-183,-239,-255,-383,-344,-341,-333,-347,-336,-345,-275,-265,-225,-383,-319,-399,-386,-391,-378,-371,-354,-1203,-1185,-1124,-1024,-1173,-992,-366,-8,-139,-8,-8,-8,-591,-570,-512,-537,-834,-819,-615,-187,-165,-187,-187,-187,-184,-181,-144,-144,-144,-143,-247,-176,-180,-8,-8,-8,-8,-8,-8,-8,-8,0,-8,0,0,0,0,0,0,0,0,0,0,0,0,0,0,0,0,0,0,0,0,0,0,0,0,0,0,0,0,0,0,0,0,0,0,0,0,0,0,0,0,0,0,0,0,0]} 1. e4 c5 2. Nc3 d6 3. Nge2 Nc6 4. g3 g6 5. Bg2 Bg7 6. d3 Qd7 {B25: Closed Sicilian: 3 g3, lines without early Be3} (6... Nh6 7. O-O O-O 8. a3 f5 9. Rb1 a5 10. Nd5 e6 11. Ne3 fxe4 12. dxe4 b5 13. e5 d5 14. Nxd5 Nxe5 15. f4 Nc6 {1-0 (33) Yu,Y (2760)-Cornette,M (2611) chess.com INT 2018}) 7. O-O b6 8. Be3 Nf6 9. h3 Bb7 10. g4 $146 ({Predecessor:} 10. Qd2 O-O 11. Bh6 Bxh6 12. Qxh6 Ne8 13. Qd2 Rc8 14. d4 Nxd4 15. Nxd4 cxd4 16. Qxd4 {½-½ (24) Mortensen,E (2475)-Jakobsen,O (2445) Copenhagen 1983}) 10... O-O-O 11. f4 Ne8 12. d4 f5 13. gxf5 gxf5 14. d5 Na5 15. Qd3 Nc7 16. Rae1 (16. exf5 $17 Ba6 17. Qe4) 16... Rhg8 17. Kh2 Bxc3 18. Nxc3 Rxg2+ (18... Ba6 $19 19. Qd1 Bxf1 20. Bxf1 Kb8) 19. Kxg2 $17 Ba6 20. Qd1 Bxf1+ 21. Rxf1 fxe4 22. f5 Qe8 (22... Nc4 $17 23. Bc1 Ne5 24. Nxe4 Rf8) 23. Rf4 ({Better is} 23. b3 $15) 23... Qf7 24. Rxe4 Rg8+ 25. Kh2 (25. Rg4 $17) 25... Qxf5 $19 (25... Qg7 26. Qg4 $14) 26. Rxe7 Nc4 (26... Qg6 27. Qg4+ $1 {[%mdl 512]} Qxg4 28. hxg4 $11) 27. Qd3 Nxe3 {[%mdl 64] Overworked Piece} 28. Qxe3 Qxc2+ 29. Ne2 Qg6 (29... Qxb2 30. Rxc7+ $1 {[%mdl 512]} Kxc7 31. Qe7+ Kc8 32. Qe6+ Kb7 33. Qd7+ Kb8 34. Qxd6+ Ka8 35. Qc6+ Kb8 36. Qd6+ Ka8 37. Qc6+ Kb8 38. Qd6+ $11) (29... Kd8 $19 30. Re4 Nxd5) 30. Qg3 Nxd5 31. Rxa7 (31. Qxg6 $17 Rxg6 32. Rxh7) 31... Qxg3+ 32. Nxg3 $17 {[%mdl 4096] Endgame KRN-KRN} Nc7 $1 33. Nf5 (33. Ra4 $142) 33... Kd7 $19 34. Ne7 (34. Ra3 {keeps fighting.}) 34... Rg7 (34... Kxe7 $2 35. Rxc7+ Ke6 36. Rc6 $17) 35. Nf5 Rg5 36. Ne3 Kc6 37. Ra4 Ne6 38. Re4 Rg6 39. h4 $2 (39. Nf5 Rf6 40. Ne7+ Kd7 41. Nd5 Rf2+ {[%mdl 64] Double Attack} 42. Kg3 Rxb2 43. Nf6+ Ke7 44. Nd5+ Kf7 45. a4) 39... d5 40. Re5 d4 41. h5 Rf6 42. Ng4 Kd6 43. Nxf6 $2 (43. Re1 Rf5 44. h6) 43... Kxe5 {KN-KN} 44. Nd7+ Ke4 45. Nxb6 Kd3 46. Kg3 h6 $2 ({Black should play} 46... Ke2 $19 47. Na4 d3) 47. Kg4 (47. Kf3 $11) 47... Ke2 (47... c4 $1 $17 48. Kf5 Nd8) 48. Kf5 $1 $11 {[%cal Rf5e6]} Nc7 {White must now prevent ...d3.} 49. Kg6 $2 {[%mdl 8192]} (49. Na4 $11) 49... d3 $19 50. Nc4 Nd5 $1 {[%cal Rd5e3] Threatens to win with ...Ne3.} (50... d2 51. Nxd2 $1 {[%mdl 512]} Kxd2 52. Kxh6 $11) 51. a4 {intending a5.} Ne3 $1 {[%cal Re3c4]} (51... d2 52. Nxd2 $1 {[%mdl 512]} Kxd2 53. Kxh6 $18) ({Not} 51... Nb6 $2 52. Nxb6 d2 53. Nd5 $18) 52. Na3 Kd1 $2 (52... c4 {aiming for ...c3!} 53. a5 c3 $1 {[%mdl 512]}) 53. a5 {[#]} Kc1 $1 54. a6 d2 55. a7 d1=Q {( -> ...Qd6+)} 56. a8=Q Qg4+ ({Don't play} 56... Kxb2 57. Qa6) 57. Kh7 Qxh5 {Hoping for ...Qf7+.} 58. Qb8 (58. Qa5 $17 Qf7+ 59. Kxh6 Qe6+ 60. Kh7 Qe4+ 61. Kh6 Qe6+ 62. Kh7 Qe7+ 63. Kg6 Qe6+ 64. Kh7) 58... Qg5 59. Qb3 {[#]} Qe5 $2 (59... h5 $1 $19 {Strongly threatening ...Qe5.} 60. Qc3+ Kd1 61. Qd3+ Ke1 62. Nc2+ Nxc2 63. Qxc2 h4 64. Qe4+ Kd2) 60. Kxh6 $11 {The position is equal.} Qf6+ 61. Kh7 Qf5+ 62. Kg7 $132 {[%mdl 2048] White puts up resistance} Qd7+ 63. Kf8 Qf5+ 64. Ke7 Nd5+ 65. Kd6 Qf8+ 66. Kc6 {[%csl Ga3][%cal Rb3c2]} Qc8+ 67. Kb5 {[%csl Ga3][%cal Rb3c2]} Qb7+ 68. Kc4 {[%csl Ga3][%cal Rb3c2]} Nb6+ 69. Kxc5 {[%csl Ga3][%cal Rb3c2]} Nd7+ {[%mdl 64] Discovered Attack} 70. Kc4 {[%csl Ga3][%cal Rb3c2]} Qe4+ 71. Kb5 Qb7+ 72. Kc4 {[%csl Ga3][%cal Rb3c2]} Ne5+ 73. Kc3 {[%csl Ga3,Gc3][%cal Rb3c2]} Qf3+ 74. Kb4 {[%csl Ga3][%cal Rb3c2]} Nd3+ {[%mdl 64] Double Attack} 75. Kc4 {[%csl Ga3][%cal Rb3c2]} Ne5+ 76. Kb4 {[%csl Ga3][%cal Rb3c2]} Nd3+ {[%mdl 64] Double Attack} 77. Kc4 {[%csl Ga3][%cal Rb3c2]} Nxb2+ 78. Kb4 {[%csl Ga3][%cal Rb3c2]} Qf8+ 79. Ka5 {[%csl Ga3][%cal Rb3c2]} Qa8+ 80. Kb4 {[%csl Ga3][%cal Rb3c2]} Qb7+ (80... Qe4+ {feels hotter.} 81. Ka5 Qa8+) 81. Nb5 Qe4+ 82. Kc5 Na4+ 83. Kd6 Qf4+ 84. Kc6 Qe4+ 85. Kd6 Qf4+ 86. Kc6 Qe4+ {Accuracy: White = 45%, Black = 60%.} 1/2-1/2

[Event "CCCSA Spring GM Invitational 2019"]
[Site "Charlotte"]
[Date "2019.03.21"]
[Round "2"]
[White "Rohan, Ahuja"]
[Black "Yoo, Christopher Woojin"]
[Result "1/2-1/2"]
[WhiteElo "2380"]
[BlackElo "2426"]
[Annotator "TA"]
[PlyCount "131"]
[EventDate "2019.03.20"]
[EventType "tourn"]
[EventCountry "USA"]
[SourceTitle "playchess.com"]
[Source "ChessBase"]
[SourceQuality "1"]

{[%evp 17,131,18,13,12,29,24,29,6,8,8,18,12,47,26,20,29,25,25,12,2,2,2,2,1,11,15,15,0,0,0,0,0,0,0,0,0,0,0,0,0,0,0,0,0,0,0,0,0,0,0,0,0,0,0,0,0,0,0,0,0,0,0,0,0,0,0,0,0,0,0,0,0,0,0,0,0,0,0,0,0,0,0,0,0,0,0,0,0,0,0,0,0,0,0,0,0,0,0,0,0,0,0,0,0,0,0,0,0,0,0,0,0,0,0,0,0]} 1. Nf3 Nf6 2. g3 g6 3. Bg2 Bg7 4. c4 c6 5. d4 O-O 6. Nc3 d5 7. cxd5 cxd5 8. Ne5 b6 {D73: Fianchetto Grünfeld: 5 Nf3} (8... Bf5 9. O-O Ne4 10. Bf4 Nxc3 11. bxc3 Nc6 12. Nxc6 bxc6 13. Qa4 Qd7 14. Rac1 Rac8 15. Rfd1 Rfd8 16. c4 Be4 17. f3 Bf5 18. cxd5 cxd5 19. Qxd7 Bxd7 20. Bc7 Re8 21. e3 Bb5 22. Bf1 a6 {½-½ (22) Leko,P (2679)-Mamedyarov,S (2817) Germany 2019}) 9. Bf4 Bb7 {LiveBook: 3 Games} 10. Rc1 Nbd7 11. O-O e6 12. Qa4 Nxe5 13. Bxe5 a6 14. Qb3 $146 ({Predecessor:} 14. Qb4 Ne8 15. Na4 b5 16. Nc5 Bc8 17. e4 Ra7 18. a4 Bxe5 19. dxe5 {1-0 (31) Haria,R (2360)-Petursson,P (2211) Reykjavik 2018}) 14... Bc6 15. Na4 Bxa4 16. Qxa4 b5 17. Qa3 Qb6 18. Rc2 {The position is equal.} Nd7 19. Bxg7 Kxg7 20. e3 Rfc8 21. Rfc1 Qb7 22. b3 Rxc2 23. Rxc2 Rc8 24. Qc1 Rxc2 25. Qxc2 Qb6 26. Qc3 Qd6 27. a4 Nf6 28. axb5 axb5 29. Qa5 Qc6 30. Bf1 Qc2 {[#] aiming for ...Ne4.} 31. Qxb5 Ne4 32. Qe2 Qxb3 33. Bg2 Nd6 34. h4 h5 35. Bf3 Nc4 36. Kg2 Qc3 37. Qd1 Nb2 38. Qf1 Nd3 {[#] Strongly threatening ...Ne1+.} 39. Be2 Nb4 40. Qd1 Nc2 41. Kf1 Nb4 42. Kg2 Nc6 43. Qd3 Qc1 44. Qd1 Qb2 45. Bd3 Nb4 46. Be2 (46. Bb5 {looks sharper.} Nc2 47. Be2 Qc3) 46... Na2 47. Bd3 Qa3 48. Qa1 {And now Bb1 would win.} Qb3 49. Qb1 Qa3 50. Qa1 {Black must now prevent Bb1.} Qxd3 51. Qxa2 $11 {[%mdl 4096] Endgame KQ-KQ} Qe4+ 52. Kg1 Qg4 53. Kh2 g5 54. hxg5 h4 55. gxh4 Qxh4+ 56. Kg2 Qxg5+ 57. Kf1 Qh5 58. Qc2 Qh1+ 59. Ke2 Qh5+ 60. Ke1 Qh1+ 61. Ke2 $1 Qh2 62. Qc6 Qh5+ 63. Ke1 Qh1+ 64. Ke2 Qh5+ 65. Ke1 Qh1+ 66. Ke2 {Precision: White = 78%, Black = 81%.} 1/2-1/2